000 00332nam a22001457a 4500
020 _a81-88759-58-9
082 _a823
_bJUD/G
100 _aJUDE, BRAIN
245 _aGOPAL AND PARAMANAND
260 _aCHENNAI
_bSPIDER BOOKS
300 _a32
520 _aENGLISH SHORT STORY
650 _aENGLISH SHORT STORY
_zCHENNAI
942 _cBK
999 _c5660
_d5660